平成に消滅・改称した佐賀県の市町村 - Statistics

General Stats
  • This quiz has been taken 18 times
  • The average score is 30 of 39
Answer Stats
変更年月日 変更内容 回答 変更後の市町村 % Correct
2005.01/01 新設合併 厳木町 唐津市
100%
2005.01/01 新設合併 白石町 白石町
100%
2005.03/01 新設合併 小城町 小城市
100%
2005.10/01 新設合併 佐賀市 佐賀市
100%
2006.03/01 新設合併 有田町 有田町
100%
2006.03/01 新設合併 西有田町 有田町
100%
2006.03/20 新設合併 神埼町 神埼市
100%
2007.10/01 編入合併 久保田町 佐賀市
100%
2005.01/01 新設合併 唐津市 唐津市
86%
2005.01/01 新設合併 浜玉町 唐津市
86%
2005.01/01 新設合併 相知町 唐津市
86%
2005.01/01 新設合併 呼子町 唐津市
86%
2005.01/01 新設合併 有明町 白石町
86%
2005.10/01 新設合併 大和町 佐賀市
86%
2005.10/01 新設合併 富士町 佐賀市
86%
2006.01/01 編入合併 七山村 唐津市
86%
2006.01/01 新設合併 嬉野町 嬉野市
86%
2006.03/01 新設合併 武雄市 武雄市
86%
2007.10/01 編入合併 川副町 佐賀市
86%
2005.01/01 新設合併 肥前町 唐津市
71%
2005.01/01 新設合併 鎮西町 唐津市
71%
2005.01/01 新設合併 福富町 白石町
71%
2005.03/01 新設合併 三日月町 小城市
71%
2005.03/01 新設合併 牛津町 小城市
71%
2005.03/01 新設合併 北茂安町 みやき町
71%
2005.03/01 新設合併 三根町 みやき町
71%
2006.01/01 新設合併 塩田町 嬉野市
71%
2006.03/01 新設合併 山内町 武雄市
71%
2006.03/01 新設合併 東脊振村 吉野ヶ里町
71%
2006.03/20 新設合併 千代田町 神埼市
71%
2007.10/01 編入合併 東与賀町 佐賀市
71%
2005.01/01 新設合併 北波多村 唐津市
57%
2005.03/01 新設合併 中原町 みやき町
57%
2005.10/01 新設合併 諸富町 佐賀市
57%
2005.10/01 新設合併 三瀬村 佐賀市
57%
2006.03/01 新設合併 三田川町 吉野ヶ里町
57%
2006.03/20 新設合併 脊振村 神埼市
57%
2005.03/01 新設合併 芦刈町 小城市
43%
2006.03/01 新設合併 北方町 武雄市
43%
No matching quizzes found
Score Distribution
Percent of People with Each Score
Percentile by Number Answered
Your Score History
You have not taken this quiz